| 000 | 01690nam a2200481 a 4500 | ||
|---|---|---|---|
| 001 | 21637 | ||
| 003 | VRT | ||
| 005 | 20260307100235.0 | ||
| 008 | 180731 2010 xr a b 000 0 slo d | ||
| 020 |
_a9788025215173 _q(viaz.) |
||
| 039 | 9 |
_a202403290300 _bAUTHORITY _c202304202234 _dAUTHORITY _c202102111507 _dAUTHORITY _c202001151043 _dAUTHORITY |
|
| 040 |
_aSKPK _bslo _cSKPK _eAACR2 |
||
| 041 | 1 |
_aslo _heng |
|
| 044 |
_axr _cCZ |
||
| 072 | 7 |
_a821.111-3 _xAnglická próza, anglicky písaná _2konspekt |
|
| 072 | 7 |
_a821-93 _xLiteratúra pre deti a mládež _2konspekt |
|
| 080 |
_a821.111-31 _22001 |
||
| 080 |
_a821-93 _22001 |
||
| 080 |
_a(0:82-34) _22001 |
||
| 100 | 1 |
_aAwdry, W., _d1911-1997 |
|
| 240 | 1 | 0 |
_aThomas the tank engine & friends _lSlovensky |
| 245 | 1 | 0 |
_aDobrodružstvá rušňa Tomáša _n12 _crev. W. Awdry, [ Ch. Awdry] ; ilustrácie Robin Davies a Jerry Smith ; [preklad Žofia Dzuriková] |
| 250 | _a2. vyd. | ||
| 260 |
_aV Prahe _bEgmont ČR _c2010 |
||
| 300 |
_a76 s. _bfareb. ilustr. _c27 cm |
||
| 490 | 1 | _aTomáš a jeho kamráti | |
| 500 | _aNa obale sú uvedení ako autori W. a Ch.Awdry | ||
| 500 | _aPreložené z angličtiny | ||
| 655 | 7 |
_aanglické rozprávky _2SNKPH |
|
| 655 | 7 |
_apublikácie pre deti _2SNKPH |
|
| 700 | 1 |
_aAwdry, Ch. _4aut |
|
| 700 | 1 |
_aDavies, Robin, _d1950- _4ill |
|
| 700 | 1 |
_aSmith, Jerry _4ill |
|
| 700 | 1 |
_aDzuriková, Žofia _4trl |
|
| 830 | 0 | _aTomáš a jeho kamráti | |
| 910 | _askpk | ||
| 910 | _ahevk | ||
| 910 | _abpksh | ||
| 942 |
_2ddc _cKLDE _n0 |
||
| 949 |
_63869A17449 _abpksh821.111-34 _bbpksh61738 |
||
| 949 |
_63869A17193 _abpksh821.111-31 _bbpksh60267 |
||
| 949 |
_63869A17194 _abpksh821.111-31 _bbpksh60266 |
||
| 999 |
_c21637 _d21637 |
||